| 000 | 01014nam a2200277Ia 4500 | ||
|---|---|---|---|
| 003 | Co-PeBPM | ||
| 005 | 20240802170115.0 | ||
| 008 | 231129s2005||||xx |||||||||||||| ||spa|| | ||
| 020 | _a9589745075 | ||
| 040 |
_aCo-PeBPM _bspa _cCo-PeBPM _erda |
||
| 082 | 0 | 4 |
_a028.9 C365d _222 |
| 100 |
_aCastrillón, Silvia _eautora |
||
| 245 | 0 |
_aEl derecho a leer y escribir _c/ Silvia Castrillón |
|
| 250 | _aSegunda edición | ||
| 260 |
_aBogotá, Colombia _b: Asolectura : Conaculta, _c2005 |
||
| 300 |
_a60 páginas _c20 centímetros |
||
| 490 |
_aLecturas sobre Lecturas _v3 |
||
| 500 | _aIncluye índice | ||
| 650 | 1 | 4 |
_aLectura y escritura _2Lemb |
| 650 | 1 | 4 |
_aPolíticas de Lectura _2Lemb |
| 650 | 1 | 4 |
_aBibliotecas y lectura _2Lemb |
| 710 | _aAsociación Colombiana de Lectura y Escritura | ||
| 710 | _aConsejo Nacional para la Cultura y las Artes | ||
| 942 |
_2ddc _cBK |
||
| 999 |
_c10789 _d10789 |
||